Echelle de mots - Terre à Lune bis - Statistiques

Statistiques générales
  • Ce quiz a été pris 1 156 fois
  • Le résultat moyen est 20 sur 28
Statistiques - réponses
Hint Réponse % Correct
Notre chère planète Terre
100%
Capitale de la Suisse Berne
89%
Femelle du canard -> enlever une lettre Cane
86%
Troisième jambe Canne
86%
Notre satellite naturel Lune
86%
Griffe d'un aigle Serre
86%
Grand bac à ordures Benne
85%
Secoue doucement un bébé Berce
85%
Repartir sur de nouvelles bases : faire table **** Rase
85%
Cousin de la pagaie Rame
83%
Elle fait la paire avec monsieur Dame
81%
Outil pour polir les ongles Lime
81%
Cachée dans la manche de l'assassin Lame
80%
Elles composent l'échiquier Case
79%
Elle peut être militaire, spatiale ou navale Base
77%
Sorte de pâte Penne
76%
Sans essence, elle est sèche Panne
75%
Bord d'un fleuve Berge
72%
Haut d'un arbre Cime
69%
Le plus connu de tous les mythos Serge
67%
Inspiration du peintre Muse
59%
Technique plutôt maline Ruse
58%
Oiseau rapace ou Diplôme de Poudlard Buse
53%
Elle peut être anti-personnelle Mine
52%
Symbole ancien compliqué à déchiffrer (ex : BlueTooth) Rune
51%
Bonjour typiquement français Bise
50%
Ce bon vieux Marceau Mime
49%
Il est nécessaire d'en faire pour jouer au poker Mise
45%
Aucun quiz correspondant
Distribution des résultats
% des personnes avec chaque résultat
Percentile par nombre de réponses
Votre historique - résultats
Vous n’avez pas pris ce quiz